|
|
|
|
| LEADER |
00000nam a2200000 a 4500 |
| 001 |
UCH2687 |
| 003 |
CL-VaPUC |
| 008 |
090624e19870000AG |||||||||||||||||spa|d |
| 082 |
0 |
4 |
|a A833
|b CLA
|2 21
|
| 100 |
0 |
|
|a Claude, Roberto
|e author
|9 537684
|
| 245 |
1 |
3 |
|a La luz de la montaña
|
| 300 |
|
|
|a 126 p
|
| 942 |
|
|
|c BK
|
| 945 |
|
|
|d 20090624 00:00:00
|a rbrito
|
| 260 |
|
|
|a Buenos Aires
|b Difusión
|c 1987
|
| 650 |
|
0 |
|a Novelas austriacas
|9 269443
|
| 583 |
|
|
|a last modification
|c 20111003 07:05:28
|k Rodrigo Vera
|
| 999 |
|
|
|c 334403
|d 334401
|
| 952 |
|
|
|0 0
|1 0
|4 0
|6 A_833_000000000000000_CLA_1987
|7 0
|8 X
|9 423394
|a FDOBUD
|b FDOBUD
|d 2019-11-22
|i 4558510
|o A833 CLA 1987
|p 4558510
|r 2019-11-22
|w 2019-11-22
|y BK_X
|k BUD
|